LEADER 00926nam0-22003251i-450- 001 990000840000403321 005 20001010 010 $a88-7056-511-4 035 $a000084000 035 $aFED01000084000 035 $a(Aleph)000084000FED01 035 $a000084000 100 $a20001010d--------km-y0itay50------ba 101 0 $aita 105 $ay-------001yy 200 1 $a<>package applicativi$eMerceologia del software pret a porter$fG. Carducci 210 $aMilano$cGruppo Editoriale Jackson$d1985. 215 $aVI, 68 p.$d21 cm 225 1 $a<>quaderni Jackson di Personal Computer$v3 610 0 $aI package applicativi 676 $a005.1 700 1$aCarducci,$bGiulio$025270 801 0$aIT$bUNINA$gRICA$2UNIMARC 901 $aBK 912 $a990000840000403321 952 $a02 52 B 13$b5319$fFINBN 959 $aFINBN 996 $aPackage applicativi$9325865 997 $aUNINA DB $aING01